00393nam a2200169Ia 4500008004100000020001400041245002400055245002600079260001500105260001600120260000900136300001600145300002500161300001000186500000800196999001900204170705s9999 xx 000 0 und d a590445529 4aThe golden goblet / cEloise Jarvis McGraw. aNew York : bScholastic, c1961 a248 pages : bcolor illustration ; c19cm. a930 c336524d336524